000 00548nam a2200193Ia 4500
005 20250508163217.0
008 008 250505s9999 xx 000 0 eng d
037 _aTextual
040 _aFEDL
_beng
_cFEDL
041 _aeng
_2eng
084 _a370.954, SHU
_qFEDL
100 _aShukla P D
_990316
245 0 _aChanging facets of Indian education
260 _aBombay, India
_bAllied Publishers Private Limited
_c1973
300 _ax,133p
650 _aEducation
942 _cTEXL
_h370.954, SHU
999 _c1381530
_d1381530